000 01552cam a22003974a 4500
001 14508432
003 NUST-PNEC
005 20170116180734.0
008 060819s2003 nyua 001 0 eng c
010 _a 2006280799
015 _aGBA441598
_2bnb
016 7 _a012925010
_2Uk
020 _a0072195665
020 _a9780072195668
035 _a(OCoLC)ocm53796542
040 _aIG#
_cPNEC
042 _apcc
050 0 0 _aQA76.9.C55
_bR443 2003
082 0 0 _a005.447682 REE
_222
100 1 _aReeser, Tim.
245 1 0 _aCitrix MetaFrame Access Suite for Windows server 2003 :
_bthe official guide /
_cTim Reeser, Steve Kaplan, Alan Wood.
260 _aNew York :
_bMcGraw-Hill/Osborne,
_cc2003.
300 _axxvi, 724 p. :
_bill. ;
_c24 cm.
500 _aIncludes index.
630 0 0 _aCitrix MetaFrame.
630 0 0 _aMicrosoft Windows server.
650 0 _aClient/server computing.
_xMIS
700 1 _aKaplan, Steve,
_d1955-
700 1 _aWood, Alan,
_d1955-
856 4 2 _3Contributor biographical information
_uhttp://www.amazon.com/Citrix-Metaframe-Access-Windows-Server/dp/0072195665/ref=sr_1_1?s=books&ie=UTF8&qid=1416469974&sr=1-1&keywords=0072195665
856 4 2 _3Publisher description
_uhttp://www.loc.gov/catdir/enhancements/fy0668/2006280799-d.html
856 4 1 _3Table of contents only
_uhttp://www.loc.gov/catdir/enhancements/fy0668/2006280799-t.html
906 _a7
_bcbc
_cpccadap
_d2
_encip
_f20
_gy-gencatlg
942 _2ddc
_cBK
999 _c61889
_d61889